000
00262nam a22001217a 4500
999
_c
172363
_d
172363
082
_a
_b
100
_a
Shridath Ramphal
245
_a
One world to share/
_c
by Shridath Ramphal/
260
_a
_b
Oxford,
_c
1980.
300
_a
443p.
650
_a
942
_c
BK